Traité de pathologie exotique, clinique et thérapeutique / (Record no. 75245)

MARC details
000 -LEADER
campo de control de longitud fija 00991nam a2200193 i 4500
001 - NÚMERO DE CONTROL
campo de control 75245
003 - IDENTIFICADOR DE NÚMERO DE CONTROL
campo de control ES-MaACL
005 - FECHA Y HORA DE LA ÚLTIMA TRANSACCIÓN
campo de control 20230906172401.0
007 - CAMPO FIJO DE DESCRIPCIÓN FÍSICA--INFORMACIÓN GENERAL
campo de control de longitud fija t|
008 - DATOS DE LONGITUD FIJA--INFORMACIÓN GENERAL
campo de control de longitud fija 040923m19101922fr ||||1| fre d
100 1# - ENTRADA PRINCIPAL--NOMBRE DE PERSONA
Nombre de persona Grall, Charles.
9 (RLIN) 59535
245 10 - MENCIÓN DEL TÍTULO
Título Traité de pathologie exotique, clinique et thérapeutique /
Mención de responsabilidad, etc. publié sous la direction de Charles Grall, A. Clarac.
260 ## - PUBLICACIÓN, DISTRIBUCIÓN, ETC.
Lugar de publicación, distribución, etc. Paris :
Nombre del editor, distribuidor, etc. J.B. Baillière,
Fecha de publicación, distribución, etc. 1910-1922 (
Lugar de fabricación/manufactura Poitiers :
Fabricante Blais et Roy)
300 ## - DESCRIPCIÓN FÍSICA
Extensión 7 v. :
Otras características físicas il. ;
Dimensiones 25 cm.
505 8# - NOTA DE CONTENIDO CON FORMATO
Nota de contenido con formato Contiene: T.I: Paludisme. -- T.II: Parapaludisme et fièvres des pays chauds. -- T.III: Dengue, fièvre jaune, choléra, maladie du sommeil. -- T.IV: Diarrées, dysenteries, hépatite endemique, abcès du foie. -- T.V: Intoxications et empoisonnements, béribéri. -- T.VI: Maladies parasitaires : peste. -- T.VII: Maladies de la peau : lèpre, syphilis, vaccination
650 #4 - PUNTO DE ACCESO ADICIONAL DE MATERIA--TÉRMINO DE MATERIA
Término de materia o nombre geográfico como elemento de entrada Enfermedades tropicales.
9 (RLIN) 155580
700 1# - ENTRADA AGREGADA--NOMBRE PERSONAL
Nombre de persona Clarac, A.
9 (RLIN) 38994
852 ## - LOCALIZACIÓN
Ubicación ES-MaACL
Número de control de estantería E-1330-36
Holdings
Estatus retirado Estado de pérdida Estado de daño No para préstamo Biblioteca de origen Biblioteca actual Ubicación en estantería Fecha de adquisición Fuente de adquisición Total de préstamos Signatura topográfica completa Código de barras Visto por última vez Precio de reemplazo Tipo de ítem Koha
        Biblioteca del Ateneo de Madrid Biblioteca del Ateneo de Madrid Depósito 2 17/01/2008     E-1330-36 1078757 23/02/2023 23/02/2023 Libro impreso